| 000 | 00810cab a2200229 4500 | ||
|---|---|---|---|
| 001 | ABS55818 | ||
| 008 | 090401t1996 xxu||||| |||| 00| 0 eng d | ||
| 035 | _a(Sirsi) u18959 | ||
| 041 | _aeng | ||
| 245 | _aHeads in the sand - UK industry and the landfill tax | ||
| 260 | _c1996 | ||
| 350 | _a0 | ||
| 490 |
_aEnvironment Information Bulletin _v(59) September 1996, 9-14(6) |
||
| 520 | _aDiscusses the results of a survey into the waste industry`s response to the landfill tax. Outlines the main elements of the tax and assesses the financial and environmental impact. Statistics. The tax came into effect on 1 October 1996. | ||
| 650 | _aLANDFILL SITES | ||
| 650 | _aLANDFILL TAX | ||
| 650 | _aWASTE INDUSTRY | ||
| 650 | _aWASTE MANAGEMENT | ||
| 690 | _aLAND | ||
| 942 | _n0 | ||
| 948 | _c04/03/1997 | ||
| 999 |
_c12614 _d12614 |
||